Policy statement on regional strategies and guidance on the establishment of leaders' boards (Record no. 109933)
[ view plain ]
| 000 -LEADER | |
|---|---|
| fixed length control field | 02056cad a22002535a 4500 |
| 001 - CONTROL NUMBER | |
| control field | L148176 |
| 008 - FIXED-LENGTH DATA ELEMENTS--GENERAL INFORMATION | |
| fixed length control field | 090811s2009 xxk f 000 0 eng d |
| 020 ## - INTERNATIONAL STANDARD BOOK NUMBER | |
| International Standard Book Number | 9781409817512 |
| 035 ## - SYSTEM CONTROL NUMBER | |
| System control number | (Sirsi) u148176 |
| 041 0# - LANGUAGE CODE | |
| Language code of text/sound track or separate title | eng |
| 050 04 - LIBRARY OF CONGRESS CALL NUMBER | |
| Classification number | 711.3 $2 18 |
| 110 2# - MAIN ENTRY--CORPORATE NAME | |
| Corporate name or jurisdiction name as entry element | United Kingdom |
| Subordinate unit | Department for Communities and Local Government |
| 9 (RLIN) | 4939 |
| 245 00 - TITLE STATEMENT | |
| Title | Policy statement on regional strategies and guidance on the establishment of leaders' boards |
| Remainder of title | consultation |
| Medium | [electronic resource] |
| 260 ## - PUBLICATION, DISTRIBUTION, ETC. | |
| Place of publication, distribution, etc. | London |
| Name of publisher, distributor, etc. | DCLG |
| Date of publication, distribution, etc. | 2009 |
| 505 2# - FORMATTED CONTENTS NOTE | |
| Formatted contents note | Introduction -- Draft policy statements on regional strategies -- Draft regulations -- Establishment of leaders' board: draft guidance on the preparation of schemes -- Sustainability appraisal of regional strategies. Draft supplement to 'A practical guide to the strategic environmental assessment' Directive -- Consultation questions -- Consultation criteria |
| 520 ## - SUMMARY, ETC. | |
| Summary, etc. | Seeks views on Regional Spatial Strategies (Planning Policy Statement 11), the related technical amendments and Guidance to Regional Development Agencies on Regional Economic Strategies. Consults particularly on the scope and approach taken in the policy statement, and the principles involved in reviewing, revising, implementing and monitoring regional strategy. Also invites views on draft regulations to support the implementation of Part 5 of the Local Democracy, Economic Development and Construction Bill; on draft guidance on preparation of schemes for the establishment of leaders' boards; on draft supplementary guidance on undertaking sustainability appraisal of Regional Strategies. Consultation does not apply to London. |
| 520 ## - SUMMARY, ETC. | |
| Summary, etc. | Deadline for comments is 30 October 2009. |
| 521 ## - TARGET AUDIENCE NOTE | |
| Target audience note | Advanced |
| 590 ## - LOCAL NOTE (RLIN) | |
| Local note | KA |
| 651 #4 - SUBJECT ADDED ENTRY--GEOGRAPHIC NAME | |
| Geographic name | England |
| Chronological subdivision | 886- |
| 690 ## - LOCAL SUBJECT ADDED ENTRY--TOPICAL TERM (OCLC, RLIN) | |
| Topical term or geographic name as entry element | ENVIRONMENTAL AND LAND CONSULTANCY-PLANNING AND DEVELOPMENT-STRATEGIC PLANNING |
| 856 40 - ELECTRONIC LOCATION AND ACCESS | |
| Uniform Resource Identifier | <a href="https://www.communities.gov.uk/publications/planningandbuilding/regionalstrategiesconsultation">https://www.communities.gov.uk/publications/planningandbuilding/regionalstrategiesconsultation</a> |
| Public note | View the consultation free of charge at www.communities.gov.uk... |
| 942 ## - ADDED ENTRY ELEMENTS (KOHA) | |
| Suppress in OPAC | 0 |
| Withdrawn status | Lost status | Source of classification or shelving scheme | Damaged status | Not for loan | Home library | Current library | Shelving location | Date acquired | Total Checkouts | Full call number | Barcode | Date last seen | Copy number | Price effective from | Koha item type |
|---|---|---|---|---|---|---|---|---|---|---|---|---|---|---|---|
| Dewey Decimal Classification | Virtual | Virtual | Online | 11/08/2009 | ONLINE PUBLICATION | 148176-2001 | 06/08/2019 | 1 | 06/08/2019 | Book |